| 000 | 00575nam a2200205Ia 4500 | ||
|---|---|---|---|
| 003 | GCL | ||
| 008 | 140319s9999 xx 000 0 ara d | ||
| 040 |
_aGCL / _cGCL |
||
| 082 | 0 | 4 |
_aق _b627.42 _bح ت |
| 100 | 1 | _aحسن الشربينى | |
| 245 | 1 | 0 |
_aتطور الرى المصرى / _cحسن الشربينى |
| 300 | _a204 ص | ||
| 490 |
_aالالف كتاب _v0 |
||
| 650 | 0 | 4 | _aنهر النيل |
| 650 | 0 | 4 | _aالسد العالى |
| 650 | 0 | 4 | _aالخزانات |
| 650 | 0 | 4 | _aالرى - مصر |
| 650 | 0 | 4 | _aاتفاقية المياه 1959 |
| 942 |
_2ddc _cBK |
||
| 999 |
_c45145 _d45145 |
||